000 00797nam a2200205Ii 4500
003 JO-AjNU
008 230605s9999||||xx |||||||||||||| ||und||
040 _aJO-AjNU
_bara
_erda
_cJO-AjNU
041 _aara
050 1 4 _aPJ6106.Z3988 1991
100 3 _aزيدان ،مثقال؛ م.مشارك: مروح الرفاعي؛ محمد عبد الرحيم عدس,
_eauthor
_940770
245 0 0 _aملامح من اللغة العربية (سمات وأداء)
250 _aط1
264 3 1 _aعمان: دار الفكر للنشر والتوزيع، 1991
300 _a235ص
336 _atext
_btxt
_2rdacontent
337 _aunmediated
_bn
_2rdamedia
338 _avolume
_bnc
_2rdacarrier
650 4 _aاللغه العربية-ملامح من اللغة العربية سمات وأداء
_940771
999 _aA17329
_c20897
_d20897